000 00975nam a22002777a 4500
003 BD-DhSAU
005 20181205172233.0
008 161006b2017 bg ad||| |||| 00| 0 eng d
040 _aBD-DhSAU
082 _222
_a630
_bIs41
100 _a Islam , Rafiqul
_4Registration No:11-04664
245 _aEffect of sowing methods and variety on yield and yield components of Sesame /
_c Islam , Rafiqul
_bMs Thesis
260 _aDhaka : Sher- e- Bangla Agricultural University :
_bDepartment of Agronomy ,
_c2017
300 _aviii, 63 p. :
_bill. ;
_c30 cm.
504 _aIncludes bibliographical references.
590 _aShofi
650 _aAgronomy
650 _aEffect
650 _aSowing method
650 _aComponent
650 _aSesame
700 _aHossain , H. M. M. Tariq
_4Supervisor
700 _a Amin , A.K.M. Ruhul
_4Co-Supervisor
856 _uttp://archive.saulibrary.edu.bd:8080/xmlui/handle/123456789/488
_yOnline Access
942 _2ddc
_cTHESIS
999 _c14423
_d14422